Rainbow Albums - Statistics

General Stats
  • This quiz has been taken 50 times
  • The average score is 5 of 8
Answer Stats
Year Answer % Correct
1976 Rising
92%
1975 Ritchie Blackmore's Rainbow
81%
1978 Long live rock 'n' roll
72%
1979 Down to earth
61%
1981 Difficult to cure
58%
1982 Straight between the eyes
47%
1983 Bent out of shape
36%
1995 Stranger in us all
28%
No matching quizzes found
Score Distribution
Percent of People with Each Score
Percentile by Number Answered
Your Score History
You have not taken this quiz